000 01897cam a22004694i 4500
003 PE-LiUPU
005 20250731173453.0
008 150616s1989 ilu r 000 0 eng d
020 _a0802417523
035 _a(Sirsi) i9780802417527
040 _aPE-LiUPU
_bspa
_cPE-LiUPU
_erda
049 _aPRUA
082 0 4 _a224.5077
_bW19
_221
100 1 _aWalvoord, John F.,
_eautor.
245 1 0 _aDaniel :
_bthe Key to Prophetic Revelation /
_cJohn F. Walvvord.
264 1 _aChicago :
_bMoody Press,
_c1989.
300 _a320 páginas ;
_c23 centímetros
336 _atext
_2rdacontent
337 _aunmediated
_2rdamedia
338 _avolume
_2rdacarrier
505 0 _aEarly life of Daniel in Babylon -- Nebuchadnezzar's Vision of the great image -- The golden image of Nebuchadnezzar -- Belshazzar's feast and the fall of Babylon -- Daniel;s vision of future world history -- The vision of the Ram and the Goat -- The propheccy of the seventy weeks -- The vision of the glory of God -- World history from Darius to the time of the end -- The time of th4e end.
526 _aSEG42
526 _aSEG41
526 _aSEG40
526 _aSEG39
526 _aP94
526 _aP87
526 _aP86
526 _aP85
526 _aP77
526 _aP76
526 _aP35
630 _aBiblia.
_pA.T.
_pDaniel
_xComentarios.
650 0 4 _aDaniel.
910 _ajck
_bjvq
_cjck
942 _2ddc
_cBOOK
949 _a224.5077 W19
_wDEWEY
_c1
_i39883
_d2015-11-16
_e2015-11-15
_lCCODEBUL1
_mBUL
_n1
_r0
_sY
_tBOOK
_u2015-6-16
_xTEOLOGIA
_zUNKNOWN
_0COMPRA
_o.STAFF. Colección General
994 _aC0
_bPEPRU
596 _a1
999 _a224.5077 W19
_wDEWEY
_c57655
_i39883
_d57655
_e2015-11-15
_f2021-11-11
_g5
_lCCODEBUL1
_mBUL
_n1
_p25.00
_r0
_sY
_tBOOK
_u2015-6-16
_xTEOLOGIA
_PP35
_0COMPRA
_o.STAFF. Colección Teología
980 _81
_gALBERTO SANCHEZ Responsable de Automatización